[Event "Michigan Senior U1600"]
[Site "Ann Arbor, MI"]
[Date "2001.06.24"]
[Round "4"]
[White "Foord, Allan"]
[Black "Roth, Bruce"]
[Result "0-1"]
[WhiteElo "1500"]
[BlackElo "1535"]
[PlyCount "96"]
[EventDate "2001.06.23"]

1. e4 c6 2. d4 d5 3. exd5 cxd5 4. Bd3 Nc6 5. c3 h6 6. Bf4 Nf6 7. Nd2 e6 8. Ngf3
Bd6 9. Ne5 O-O 10. Qf3 Qc7 11. Nxc6 Bxf4 12. Nb4 a5 13. Nc2 e5 14. dxe5 Qxe5+
15. Qe2 Re8 16. Qxe5 Rxe5+ 17. Kf1 Bxd2 18. Rd1 Bg5 19. h4 Bf4 20. g3 Bxg3 21.
fxg3 Bf5 22. Rh2 Rae8 23. Bxf5 Rxf5+ 24. Rf2 Rfe5 25. Rfd2 Ne4 26. Rxd5 Nxg3+
27. Kg2 Re2+ 28. Kxg3 Rxc2 29. Rb5 Rb8 30. Rb6 a4 31. a3 Re2 32. Rd4 Rbe8 33.
Rxa4 R8e4 34. Rxe4 Rxe4 35. Rxb7 g5 36. hxg5 hxg5 37. Rb4 Re6 38. a4 f5 39. Rb5
Rf6 40. a5 f4+ 41. Kf3 g4+ 42. Kxg4 f3 43. Rd5 f2 44. Rd1 f1=Q 45. Rxf1 Rxf1
46. b4 Rc1 47. a6 Rxc3 48. Kf5 Rb3 0-1

[Event "Michigan Senior"]
[Site "Ann Arbor, MI"]
[Date "2001.06.24"]
[Round "3.2"]
[White "Finegold, Ron"]
[Black "Williams, Ron"]
[Result "1/2-1/2"]
[WhiteElo "1999"]
[BlackElo "2049"]
[PlyCount "108"]
[EventDate "2001.06.23"]

1. e4 c5 2. Nc3 Nc6 3. g3 g6 4. Bg2 Bg7 5. Nge2 Nf6 6. d3 d6 7. O-O O-O 8. h3
Bd7 9. Kh2 Qc8 10. Be3 e5 11. Qd2 Nd4 12. Ng1 b5 13. Nce2 Rb8 14. c3 Ne6 15. f4
Kh8 16. Rf2 Ng8 17. Raf1 f6 18. f5 Nd8 19. g4 g5 20. Ng3 Be8 21. Nf3 h6 22. Rh1
Rf7 23. Kg1 Bf8 24. Bf1 Rh7 25. h4 Nf7 26. Rfh2 Rb7 27. Rh3 Qd8 28. Qh2 a5 29.
hxg5 fxg5 30. Nh5 Be7 31. Be2 b4 32. c4 a4 33. Kg2 a3 34. b3 Bc6 35. Nd2 Nf6
36. Nxf6 Bxf6 37. Nf1 Kg7 38. Ng3 Qh8 39. Qg1 Qd8 40. Qc1 Rb8 41. Nh5+ Kg8 42.
Rg1 Be8 43. Qe1 Qe7 44. Qf2 Nd8 45. Nxf6+ Qxf6 46. Rgh1 Rh8 47. Bxc5 dxc5 48.
Qxc5 Bf7 49. d4 exd4 50. e5 Qb6 51. Qxb6 Rxb6 52. e6 Bxe6 53. fxe6 Nxe6 54. Bd3
Kg7 1/2-1/2

[Event "Michigan Senior U1600"]
[Site "Ann Arbor, MI"]
[Date "2001.06.24"]
[Round "4"]
[White "Dolin, Jack"]
[Black "Scioly, Tony"]
[Result "1/2-1/2"]
[WhiteElo "1298"]
[BlackElo "1533"]
[PlyCount "120"]
[EventDate "2001.06.23"]

1. d4 Nf6 2. c4 g6 3. Nc3 Bg7 4. e4 d6 5. f3 O-O 6. Be3 e5 7. d5 Nh5 8. Qd2 f5
9. O-O-O f4 10. Bf2 c6 11. Bd3 Na6 12. Nge2 Nb4 13. Bb1 a5 14. a3 Na6 15. Na4
c5 16. Nac3 Bd7 17. Rdf1 Rb8 18. Nb5 Bxb5 19. cxb5 Nc7 20. Bd3 b6 21. a4 Rc8
22. Nc3 Ne8 23. g4 Nhf6 24. h4 Nd7 25. Rfg1 c4 26. Bc2 Nc5 27. g5 Rf7 28. h5
Rfc7 29. hxg6 hxg6 30. Bxc5 Rxc5 31. Qh2 Nc7 32. Qh7+ Kf7 33. Rh6 Qg8 34. Qxg6+
Ke7 35. Rh7 Ne8 36. Rgh1 R5c7 37. R1h6 Kd8 38. Qe6 Qxe6 39. Rxe6 Re7 40. Rxe7
Kxe7 41. Rh1 Kf7 42. Ne2 Kg6 43. Rg1 Nc7 44. Rg2 Rh8 45. Kd2 Rh5 46. Kc3 Rxg5
47. Rxg5+ Kxg5 48. Kxc4 Na8 49. b4 Bf6 50. Nc1 Bd8 51. Nb3 Kf6 52. bxa5 bxa5
53. Nd2 Nb6+ 54. Kd3 Ke7 55. Nc4 Nxc4 56. Kxc4 Bb6 57. Kd3 Kd7 58. Bd1 Kc7 59.
Be2 Bc5 60. Bf1 Kb6 1/2-1/2

[Event "Michigan Senior U1600"]
[Site "Ann Arbor, MI"]
[Date "2001.06.24"]
[Round "3.10"]
[White "Crysler, Jerry"]
[Black "Griffin, John"]
[Result "1/2-1/2"]
[WhiteElo "1372"]
[BlackElo "1592"]
[PlyCount "156"]
[EventDate "2001.06.23"]

1. Nf3 Nf6 2. c4 c5 3. g3 Nc6 4. Bg2 d5 5. cxd5 Nxd5 6. O-O e5 7. d3 Be7 8.
Nbd2 O-O 9. a3 Rb8 10. Nc4 f6 11. Bd2 b5 12. Ne3 Nc7 13. Rc1 Bb7 14. Nf5 Nd4
15. Nxe7+ Qxe7 16. Bc3 Nxf3+ 17. Bxf3 Bxf3 18. exf3 Ne6 19. b4 Rfd8 20. bxc5
Qd7 21. Ba5 Rdc8 22. Qb3 Kf8 23. Bb4 Rc6 24. Qd1 Rbc8 25. a4 bxa4 26. Qxa4 Kf7
27. Qb3 Kg6 28. d4 Nxd4 29. Qd3+ Qf5 30. Qxf5+ Kxf5 31. Kg2 Kg6 32. Rfe1 Nb3
33. Rc3 Nd4 34. Rd1 Rb8 35. Rc4 Rb5 36. Ra1 Rb7 37. Bc3 Ne6 38. Bb4 Kf7 39. Rd1
Ke8 40. Rd6 Rbc7 41. Ba5 Rc8 42. Rc3 Rxd6 43. cxd6 Rxc3 44. Bxc3 Kd7 45. Bb4
Nd4 46. f4 Nb5 47. fxe5 fxe5 48. f4 exf4 49. gxf4 Nxd6 50. Kf3 g6 51. Kg4 Nf7
52. h4 Ke6 53. h5 gxh5+ 54. Kxh5 Kf5 55. Bd2 Ke4 56. Kg4 Nd6 57. Kg5 Nf5 58.
Kh5 Ng7+ 59. Kh6 Ne6 60. Kxh7 Nxf4 61. Kg7 Nd5 62. Kf7 Kd4 63. Ke6 Nc3 64. Kd7
a5 65. Kc6 a4 66. Bc1 Kc4 67. Kb6 Kb3 68. Ka5 Ne4 69. Bb2 Nd6 70. Bc1 Nc4+ 71.
Kb5 Ne5 72. Bb2 Nd3 73. Ba1 a3 74. Ka5 Nb2 75. Kb5 Ka2 76. Kb4 Nd1 77. Ka4 Ne3
78. Bd4 Nc2 1/2-1/2

[Event "Universal Action Mini-Swiss (July)"]
[Site "Warren, Mich."]
[Date "2001.07.08"]
[Round "3"]
[White "Moody, David"]
[Black "Johnson, Johnny"]
[Result "1-0"]
[WhiteElo "1978"]
[BlackElo "1476"]
[PlyCount "45"]
[EventDate "2001.07.08"]

1. e4 c6 2. d4 Nf6 3. e5 Nd5 4. c4 Nb6 5. Nc3 d6 6. f4 g6 7. Nf3 Bg4 8. h3 Bxf3
9. Qxf3 Bg7 10. Be3 a5 11. Bd3 dxe5 12. fxe5 Bxe5 13. dxe5 Qxd3 14. Bxb6 Qxc4
15. O-O-O O-O 16. Be3 Na6 17. Bh6 Rfd8 18. Kb1 a4 19. Rhf1 a3 20. Nd5 f5 21.
exf6 Qxf1 22. f7+ Kh8 23. Rxf1 1-0

[Event "Universal Action Mini-Swiss (July)"]
[Site "Warren, Mich."]
[Date "2001.07.08"]
[Round "1"]
[White "Moody, David"]
[Black "Baker, Tom"]
[Result "1-0"]
[WhiteElo "1978"]
[BlackElo "1488"]
[PlyCount "87"]
[EventDate "2001.07.08"]

1. e4 e6 2. d4 d5 3. Nc3 Nf6 4. Bg5 Be7 5. e5 Nfd7 6. h4 a6 7. Qg4 Bxg5 8. hxg5
Rg8 9. Rxh7 Nf8 10. Rh1 Nc6 11. Bd3 g6 12. Nce2 Nb4 13. Rd1 Bd7 14. c3 Nxd3+
15. Rxd3 Bb5 16. Rdh3 Qd7 17. Rh8 Rxh8 18. Rxh8 O-O-O 19. Qf4 Qe7 20. Qf6 Qd7
21. Qg7 Qe7 22. Nh3 Bd3 23. g4 c5 24. Kd2 c4 25. Nef4 Bb1 26. a3 Be4 27. Qf6
Qd7 28. Ng1 Qa4 29. Nge2 Qd7 30. Ng3 Bb1 31. Kc1 Ba2 32. Ngh5 Bb3 33. Qg7 Qe7
34. Nf6 Ba4 35. Nh3 Bc6 36. f4 Bd7 37. f5 gxf5 38. gxf5 exf5 39. Nxd5 Qe8 40.
Nhf4 Kb8 41. Nf6 Qe7 42. N4d5 Ne6 43. Nxe7 Nxg7 44. Rxd8+ 1-0

[Event "Universal Action Mini-Swiss (July)"]
[Site "Warren, Mich."]
[Date "2001.07.08"]
[Round "2"]
[White "Chehayeb, Salah"]
[Black "Moody, David"]
[Result "1/2-1/2"]
[WhiteElo "1989"]
[BlackElo "1978"]
[PlyCount "59"]
[EventDate "2001.07.08"]

1. e4 e5 2. Nf3 Nc6 3. d4 exd4 4. Bc4 Nf6 5. O-O Bc5 6. e5 d5 7. exf6 dxc4 8.
Re1+ Be6 9. Ng5 Qd5 10. Nc3 Qf5 11. g4 Qg6 12. fxg7 Rg8 13. Nce4 Bb6 14. Nxe6
fxe6 15. Bg5 Rxg7 16. h3 Rf7 17. Qe2 d3 18. cxd3 Nd4 19. Qd1 Nf3+ 20. Kg2 Nxg5
21. Qa4+ c6 22. Nd6+ Kf8 23. Nxf7 Qxf7 24. f4 Nxh3 25. Kxh3 Qxf4 26. Rf1 Bf2
27. Qa3+ Kg8 28. dxc4 h5 29. gxh5 Kf7 30. Rxf2 1/2-1/2

[Event "Michigan Amateur"]
[Site "Kalamazoo, MI"]
[Date "2001.07.28"]
[Round "1.1"]
[White "Wright, Eric"]
[Black "LaForge, Tom"]
[Result "0-1"]
[WhiteElo "1459"]
[BlackElo "1978"]
[PlyCount "80"]
[EventDate "2001.07.28"]

1. d4 e6 2. Nf3 d5 3. e3 f5 4. c4 Nf6 5. Nc3 Be7 6. Bd3 O-O 7. O-O Ne4 8. Bd2
c6 9. Ne5 Nd7 10. Nxd7 Bxd7 11. f3 Nxd2 12. Qxd2 Qe8 13. e4 fxe4 14. fxe4 Qh5
15. e5 Bg5 16. Qe1 Rxf1+ 17. Bxf1 Rf8 18. Be2 Qh6 19. Nd1 Bf4 20. g3 Be3+ 21.
Nxe3 Qxe3+ 22. Kg2 Qe4+ 23. Kh3 Qxd4 24. Qc3 Qxc3 25. bxc3 Rf5 26. cxd5 exd5
27. Bg4 Rh5+ 28. Kg2 Bxg4 29. Re1 Bf5 30. h4 Be4+ 31. Kf2 Rxe5 32. a4 Kf7 33.
a5 Ke6 34. Ra1 Bd3 35. Ra3 Kd6 36. Rb3 Re2+ 37. Kf3 Ba6 38. Rxb7 Bxb7 39. Kxe2
Kc5 40. Kd2 Kb5 0-1

[Event "Michigan Amateur"]
[Site "Kalamazoo, MI"]
[Date "2001.07.28"]
[Round "2.25"]
[White "Willett, Michael"]
[Black "Poniatowski, Don"]
[Result "0-1"]
[WhiteElo "993"]
[BlackElo "1241"]
[PlyCount "92"]
[EventDate "2001.07.28"]

1. e4 Nf6 2. e5 Nd5 3. d4 d6 4. Nf3 Bg4 5. Be2 e6 6. O-O Be7 7. Bd2 Nc6 8. c4
Nb6 9. Nc3 Bxf3 10. Bxf3 Nxc4 11. Bc1 d5 12. b3 Nb6 13. Bd2 Nxd4 14. Bg4 Qd7
15. Ne2 Nxe2+ 16. Qxe2 O-O-O 17. a4 a6 18. a5 Na8 19. b4 c6 20. Rfc1 Nc7 21.
Qe3 d4 22. Qb3 Nb5 23. Be2 Kb8 24. Qf3 Rhf8 25. Rd1 Rc8 26. Qf4 Qe8 27. Bxb5
cxb5 28. Qxd4 Rc4 29. Qb6 Qc6 30. Be3 Qxb6 31. Bxb6 Bxb4 32. Rd7 Rfc8 33. g3
Bc5 34. Rad1 Bxb6 35. axb6 Rc1 36. Rxc1 Rxc1+ 37. Kg2 Rc8 38. Rxf7 b4 39. Rf3
a5 40. Rb3 Rc6 41. Rb1 Rxb6 42. Ra1 Rb5 43. f4 b6 44. h4 b3 45. Rb1 a4 46. Rd1
b2 0-1

[Event "Michigan Amateur"]
[Site "Kalamazoo, MI"]
[Date "2001.07.28"]
[Round "4.10"]
[White "Spooner, Frank"]
[Black "Griffin, John"]
[Result "0-1"]
[WhiteElo "1736"]
[BlackElo "1592"]
[PlyCount "66"]
[EventDate "2001.07.28"]

1. d4 d5 2. e4 dxe4 3. Nc3 Nf6 4. f3 exf3 5. Nxf3 g6 6. Bc4 Bg4 7. Ne5 Qc8 8.
Bxf7+ Kd8 9. Qd3 Bf5 10. Qf3 Nbd7 11. O-O Bg7 12. Qc6 Nxe5 13. dxe5 bxc6 14.
exf6 Bxf6 15. Rd1+ Bd7 16. Na4 Rf8 17. Be6 Ke8 18. Bxd7+ Qxd7 19. Rxd7 Kxd7 20.
Bh6 Bd4+ 21. Kh1 Rf5 22. Rd1 Ke8 23. g4 Rd5 24. c4 Rd6 25. Bf4 Be5 26. Rf1 Bxf4
27. Rxf4 Rad8 28. Rf3 Rd4 29. h3 Rxc4 30. Nc3 Rd2 31. b3 Rcd4 32. Rf1 R4d3 33.
Ne4 Rxa2 0-1

[Event "Michigan Amateur"]
[Site "Kalamazoo, MI"]
[Date "2001.07.28"]
[Round "1.14"]
[White "Spooner, Frank"]
[Black "Crismore, Jason"]
[Result "1-0"]
[WhiteElo "1736"]
[BlackElo "1157"]
[PlyCount "79"]
[EventDate "2001.07.28"]

1. Nf3 Nf6 2. b3 g6 3. Bb2 Bg7 4. e3 O-O 5. c4 d6 6. d4 Nc6 7. Be2 e6 8. O-O
Nd7 9. Nbd2 e5 10. d5 Ne7 11. e4 f5 12. Qc2 Nf6 13. b4 Kh8 14. Bd3 fxe4 15.
Nxe4 Nxe4 16. Bxe4 Bf5 17. Rad1 Bxe4 18. Qxe4 Rf4 19. Qe2 Qf8 20. Bc1 Rf5 21.
Ng5 Nc8 22. Rd3 Qe7 23. Ne6 c6 24. Rh3 cxd5 25. cxd5 Nb6 26. g4 Rf7 27. Ng5 Bf6
28. Nxf7+ Qxf7 29. Rd1 Nxd5 30. Qc4 Qd7 31. Qxd5 Qxg4+ 32. Rg3 Qxb4 33. Qf7 Bh4
34. Rg2 Rg8 35. Qf3 Kg7 36. Rg4 Bxf2+ 37. Kxf2 Qc5+ 38. Kg2 Qc2+ 39. Kh1 Rf8
40. Bh6+ 1-0

[Event "Michigan Amateur"]
[Site "Kalamazoo, MI"]
[Date "2001.07.28"]
[Round "3.10"]
[White "Smith, Les L"]
[Black "Saylor, Oliver"]
[Result "1/2-1/2"]
[WhiteElo "1803"]
[BlackElo "1348"]
[PlyCount "105"]
[EventDate "2001.07.28"]

1. f4 d5 2. Nf3 Nf6 3. e3 Bg4 4. d4 e6 5. Bd3 c5 6. c3 c4 7. Bc2 Ne4 8. O-O Be7
9. Nbd2 f5 10. Qe1 Nc6 11. Ne5 Nxe5 12. fxe5 O-O 13. Nxe4 fxe4 14. Bd2 Bf5 15.
b3 b5 16. Bd1 Qe8 17. Be2 Qg6 18. Qg3 Qxg3 19. hxg3 Bg5 20. b4 Bg6 21. Bg4
Rxf1+ 22. Kxf1 Rf8+ 23. Kg1 Bf5 24. Bh5 h6 25. a4 a6 26. axb5 axb5 27. Ra5 Rb8
28. Ra7 Kh7 29. Bf7 Rb6 30. Be8 Bg6 31. Bd7 Bd8 32. Ra8 Bg5 33. Ra5 Bd8 34.
Rxb5 Ra6 35. Rb8 Bg5 36. b5 Ra2 37. b6 Rxd2 38. Bxe6 Bxe3+ 39. Kh2 Rd1 40. b7
Bg1+ 41. Kh3 h5 42. Kh4 Be3 43. Rd8 Rh1+ 44. Bh3 Bf5 45. Kxh5 g6+ 46. Kh4 g5+
47. Kh5 Bg6+ 48. Kg4 Rf1 49. Rd7+ Kh6 50. Rd6 Rb1 51. Rd7 Rf1 52. Rd6 Rb1 53.
Rd7 1/2-1/2

[Event "Michigan Amateur"]
[Site "Kalamazoo, MI"]
[Date "2001.07.28"]
[Round "1.12"]
[White "Smith, Les L"]
[Black "Kieliszewski, Greg"]
[Result "1-0"]
[WhiteElo "1803"]
[BlackElo "1218"]
[Annotator "Jeff Aldrich"]
[PlyCount "51"]
[EventDate "2001.07.28"]

{Bird: Dutch (Lasker)} 1. f4 d5 2. Nf3 Nf6 3. e3 c5 4. d4 e6 5. c3 a6 6. Bd3 c4
$6 {It is way too early to be locking up the pawn structure this way. Black
needs to develop his pieces first.} 7. Bc2 Be7 8. O-O O-O 9. Ne5 Nbd7 10. Nd2
Nxe5 11. fxe5 Nd7 12. Qh5 {DIAGRAM, This is the result of locking up the pawn
structure. All of white's pieces are aiming toward black's king-side. But,
most of black's pieces are stuck on the queen-side, behind his pawns.} h6 13.
e4 f6 14. exf6 Nxf6 15. Qg6 Qe8 16. Qg3 b5 17. e5 Nd7 18. Nf3 Kh8 19. Bg6 Qd8
20. Qh3 Rxf3 {Trying to relieve a little bit of the pressure. It is not enough.
} 21. Rxf3 Nf8 22. Bc2 Nh7 23. Bxh6 gxh6 24. Rf7 Ng5 25. Qxh6+ Kg8 26. Qg7# 1-0

[Event "Michigan Amateur"]
[Site "Kalamazoo, MI"]
[Date "2001.07.28"]
[Round "3.1"]
[White "Skidmore, Mike"]
[Black "LaForge, Tom"]
[Result "1-0"]
[WhiteElo "1811"]
[BlackElo "1978"]
[Annotator "Jeff Aldrich"]
[PlyCount "75"]
[EventDate "2001.07.28"]

{French} 1. e4 e6 2. Nf3 d5 3. exd5 exd5 4. d3 {Conceding the center} Bd6 5.
Be2 Ne7 6. O-O O-O 7. b3 c5 8. Bb2 Nbc6 9. Nbd2 Bf5 10. Nh4 Bd7 11. f4 Qc7 12.
g3 Bh3 13. Rf2 c4 $6 (13... Qd7 {keeps control of the light squares.}) 14. Bg4
{Now white rids himself of the annoying bishop.} Bxg4 15. Qxg4 f6 16. Re2 cxd3
17. cxd3 Nb4 18. Qf3 Rac8 19. Kh1 g6 20. Rc1 Qd7 21. Rxc8 Qxc8 22. Nf1 (22. a3
{allows white to keep his strong bishop.}) 22... Nxa2 23. Bxf6 Rxf6 24. Rxa2
Qc5 25. Ne3 Re6 26. Re2 Kh8 27. Kg2 Qd4 28. Kh3 $2 ({White misses his chance
to relieve the pressure with} 28. Ng4 {Black now wins a rook.}) 28... Qxd3 29.
Re1 Bb4 30. Re2 d4 31. Qxb7 {Skid was now in tIme pressure.} Qxe2 32. Qxb4 Qxe3
33. Qb8+ Ng8 34. Qxa7 d3 35. Qd7 Rf6 36. f5 gxf5 37. Nxf5 Qe6 $4 38. Qg7# {
Where did that come from?} 1-0

[Event "Michigan Amateur"]
[Site "Kalamazoo, MI"]
[Date "2001.07.28"]
[Round "2.7"]
[White "Skidmore, Mike"]
[Black "Griffin, John"]
[Result "1-0"]
[WhiteElo "1811"]
[BlackElo "1592"]
[PlyCount "99"]
[EventDate "2001.07.28"]

1. e4 c5 2. Nf3 Nc6 3. Bb5 d6 4. O-O Bd7 5. c3 Nf6 6. d3 e6 7. Ba4 Be7 8. Re1
a6 9. Nbd2 O-O 10. Nf1 Ne5 11. Bc2 Nxf3+ 12. Qxf3 Qc7 13. Bg5 Bc6 14. Qe2 Rfe8
15. Rac1 Nd7 16. Bxe7 Rxe7 17. Ng3 Rae8 18. Nh5 g6 19. Ng3 d5 20. e5 f6 21. d4
cxd4 22. cxd4 Qb6 23. exf6 Nxf6 24. Qe5 Nd7 25. Qg5 Qxd4 26. Nf5 exf5 27. Rxe7
Nf6 28. Rxe8+ Bxe8 29. Bxf5 Ne4 30. Be6+ Kh8 31. Qe7 Qxf2+ 32. Kh1 Bc6 33. Qd8+
Kg7 34. Qg8+ Kh6 35. Bxd5 Bxd5 36. Qxd5 Qf4 37. Qc4 Qe3 38. h3 Nf2+ 39. Kh2
Qe5+ 40. Kg1 Ne4 41. Re1 Qc5+ 42. Qxc5 Nxc5 43. Re7 b5 44. b4 Nd3 45. a3 Nb2
46. Re6 a5 47. bxa5 Nc4 48. a6 Nxa3 49. a7 b4 50. a8=Q 1-0

[Event "Michigan Amateur"]
[Site "Kalamazoo, MI"]
[Date "2001.07.28"]
[Round "2.2"]
[White "Skidmore, Jennifer"]
[Black "Dorrington, Eldon"]
[Result "1-0"]
[WhiteElo "1913"]
[BlackElo "1620"]
[Annotator "Don Vandivier"]
[PlyCount "69"]
[EventDate "2001.07.28"]

{Sicilian: Closed (Zukertort)} 1. e4 c5 2. Nc3 Nc6 3. f4 a6 4. g3 e6 5. Bg2
Nge7 6. Nf3 d5 7. d3 d4 8. Ne2 Bd7 9. O-O Qc7 10. f5 e5 ({Quite playable for
Black is:} 10... exf5 {when neither} 11. exf5 Nxf5 {or 11.c3 Qb6 offer
compensation for the pawn.}) 11. Ng5 h6 12. Nh3 Ng8 {12...Nc8 looks preferable
for two reasons: Black can quickly develop the kingside with ...Be7 and the
Black knight has a more active post on the d6 square.} 13. g4 Nf6 14. Ng3 O-O-O
15. c3 Bd6 16. Bd2 {and now some jockeying of pieces takes place.} Rdf8 17. Rc1
Kb8 18. Re1 Qb6 19. Rb1 Rc8 20. a3 {This is the correct plan - to advance the
b-pawn and open the file against Black's King.} Na7 21. c4 {Jennifer wants to
insure that she can open either the b or a files, which would not be forced if
Black could push the c-pawn.} Qc6 22. b4 {Here comes the attack!} b5 $2 {WHOA!
You can't open your king up like this and survive!} (22... Qc7 {was a good
defensive try.}) 23. bxc5 Bxc5 24. cxb5 axb5 25. a4 Ka8 26. axb5 Nxb5 27. Ra1+
Kb7 {DIAGRAM!} 28. Nf4 $3 Ra8 ({After} 28... exf4 29. e5 Nd5 30. Qb3 Be6 31.
fxe6 fxe6 32. Ra5 {it's curtains for Black.}) 29. Rb1 Bb6 30. Nd5 $1 Ra6 {All
these major pieces hovering around Black's king trying to protect it, and he
is losing because he has no infantry. This is a direct result of Black's move
22...b5?} 31. Qf3 ({An immediate} 31. Nb4 {is also good.}) 31... Nxd5 32. exd5
{Everything loses now.} Qc2 33. Rec1 Qxd2 34. d6+ e4 35. Qxe4+ 1-0

[Event "Michigan Amateur"]
[Site "Kalamazoo, MI"]
[Date "2001.07.28"]
[Round "2.12"]
[White "Sheridan, Gregory"]
[Black "Krzyston, Joe"]
[Result "1-0"]
[WhiteElo "1872"]
[BlackElo "775"]
[PlyCount "59"]
[EventDate "2001.07.28"]

1. d4 d5 2. c4 Nf6 3. cxd5 Nxd5 4. e4 Nb6 5. Nc3 e6 6. Nf3 Bb4 7. a3 Bxc3+ 8.
bxc3 O-O 9. Bd3 Nc6 10. e5 f6 11. exf6 Qxf6 12. Bg5 Qf7 13. Be3 Nd5 14. Bxh7+
Kh8 15. Bc2 Nxc3 16. Qd3 Qf5 17. Qxc3 Qa5 18. Qxa5 Nxa5 19. h4 Nc4 20. h5 Nxe3
21. fxe3 b6 22. h6 Bb7 23. hxg7+ Kxg7 24. Rh7+ Kf6 25. Kf2 Rf7 26. Rah1 Ke7 27.
Rxf7+ Kxf7 28. Ne5+ Ke7 29. Rh7+ Kd6 30. Rd7# 1-0

[Event "Michigan Amateur"]
[Site "Kalamazoo, MI"]
[Date "2001.07.28"]
[Round "3.5"]
[White "Semerciyan, Mike"]
[Black "Ryan, Mark"]
[Result "1/2-1/2"]
[WhiteElo "1818"]
[BlackElo "1473"]
[PlyCount "88"]
[EventDate "2001.07.28"]

1. Nf3 f5 2. e3 Nf6 3. c4 g6 4. d4 Bg7 5. Nc3 O-O 6. Qb3 Kh8 7. Bd3 d6 8. Qc2
Nc6 9. a3 e5 10. dxe5 dxe5 11. Be2 e4 12. Nd2 Ne5 13. O-O Be6 14. b3 c6 15. Bb2
Qc7 16. Rfd1 Rad8 17. Nf1 Rxd1 18. Rxd1 Rd8 19. h3 Rxd1 20. Qxd1 Qd7 21. Qxd7
Nfxd7 22. Nd2 Nc5 23. Nd1 Ncd3 24. Bxd3 Nxd3 25. Bxg7+ Kxg7 26. Nc3 b6 27. h4
Kf6 28. f3 exf3 29. Nxf3 Ne5 30. a4 a6 31. Nxe5 Kxe5 32. Kf2 b5 33. axb5 axb5
34. cxb5 cxb5 35. b4 Bc4 36. g3 h6 37. Kf3 Bd5+ 38. Ke2 Bc4+ 39. Kd2 g5 40.
hxg5 hxg5 41. Ke1 f4 42. exf4+ gxf4 43. Kf2 fxg3+ 44. Kxg3 Bf1 1/2-1/2

[Event "Michigan Amateur"]
[Site "Kalamazoo, MI"]
[Date "2001.07.28"]
[Round "1.10"]
[White "Semerciyan, Mike"]
[Black "Pascoe, Bramwell"]
[Result "1-0"]
[WhiteElo "1818"]
[BlackElo "1281"]
[PlyCount "61"]
[EventDate "2001.07.28"]

1. Nf3 d5 2. c4 e6 3. e3 Nf6 4. d4 c6 5. a3 Be7 6. Nc3 Nbd7 7. b4 O-O 8. Qb3
Re8 9. Be2 Qc7 10. O-O Nf8 11. Bb2 Ng6 12. Rac1 Bd8 13. Rfd1 b6 14. a4 Qb7 15.
b5 cxb5 16. Nxb5 Be7 17. cxd5 exd5 18. Nc7 Bd7 19. Nxa8 Qxa8 20. Bb5 Bxb5 21.
axb5 Bd6 22. Ba3 Ne4 23. Rc6 Bxa3 24. Qxa3 Ne7 25. Rc7 Ng6 26. Rdc1 Nf6 27.
Rxa7 Qd8 28. h3 Ne4 29. Rcc7 Nd6 30. Rd7 Qb8 31. Qxd6 1-0

[Event "Michigan Amateur"]
[Site "Kalamazoo, MI"]
[Date "2001.07.28"]
[Round "3.16"]
[White "Scioly, Tony"]
[Black "LaFerriere, Adam"]
[Result "1-0"]
[WhiteElo "1533"]
[BlackElo "1126"]
[PlyCount "95"]
[EventDate "2001.07.28"]

1. e4 Nf6 2. Nc3 d5 3. e5 Ne4 4. Nxe4 dxe4 5. d4 exd3 6. Bxd3 Nc6 7. f4 Qd5 8.
Nf3 Bg4 9. O-O O-O-O 10. h3 Bxf3 11. Rxf3 e6 12. Qe1 Bc5+ 13. Be3 Bxe3+ 14.
Rxe3 Qd4 15. Be4 Qb6 16. Kh1 Rd7 17. Rb3 Qd4 18. Qe2 f5 19. Bxc6 bxc6 20. Qa6+
Kd8 21. Rb8+ Ke7 22. Rxh8 Qxf4 23. Qa3+ Kf7 24. Qf8+ Kg6 25. Qe8+ Kh6 26. Qxe6+
Kg5 27. Qxd7 Qxe5 28. Rxh7 Kg6 29. Qxg7+ Qxg7 30. Rxg7+ Kxg7 31. Re1 Kf6 32.
Kh2 Kf7 33. Kg3 Kf6 34. Kf4 Kg7 35. g4 fxg4 36. hxg4 Kf6 37. g5+ Kg6 38. Rh1 c5
39. Rh6+ Kg7 40. c4 a6 41. a4 a5 42. Kf5 c6 43. Ke6 Kf8 44. Rh7 Kg8 45. Rb7 Kh8
46. Kf6 Kg8 47. Rc7 Kh8 48. Kg6 1-0

[Event "Michigan Amateur"]
[Site "Kalamazoo, MI"]
[Date "2001.07.28"]
[Round "1.22"]
[White "Scioly, Tony"]
[Black "Dudley, Vernon"]
[Result "1-0"]
[WhiteElo "1533"]
[BlackElo "868"]
[PlyCount "33"]
[EventDate "2001.07.28"]

1. e4 e5 2. Nf3 Nc6 3. Bb5 d6 4. d4 a6 5. Bxc6+ bxc6 6. dxe5 d5 7. O-O Nh6 8.
Nc3 Be6 9. Bxh6 gxh6 10. Nd4 Qd7 11. Nxc6 Qxc6 12. exd5 Bxd5 13. Qxd5 Qxd5 14.
Nxd5 Ra7 15. Rad1 a5 16. Rfe1 c6 17. Nf6+ 1-0

[Event "Michigan Amateur"]
[Site "Kalamazoo, MI"]
[Date "2001.07.28"]
[Round "2.21"]
[White "Saylor, Oliver"]
[Black "Dimon, Richard"]
[Result "1-0"]
[WhiteElo "1348"]
[BlackElo "1000"]
[PlyCount "63"]
[EventDate "2001.07.28"]

1. e4 e5 2. Nf3 Nc6 3. Bc4 Bc5 4. c3 Nh6 5. d3 O-O 6. Bxh6 gxh6 7. Qd2 Qf6 8.
b4 Bb6 9. Bb3 d6 10. h3 a5 11. b5 Na7 12. a4 Kh8 13. d4 Rg8 14. Rh2 Bd7 15. Na3
Rg7 16. O-O-O c6 17. dxe5 dxe5 18. Qxd7 Qf4+ 19. Nd2 Qxh2 20. Qxb7 Rag8 21.
Qxb6 f6 22. Bxg8 Rxg8 23. Qxa7 cxb5 24. axb5 Qxg2 25. Qe3 Qg7 26. b6 Rb8 27.
Ndc4 a4 28. Qc5 Qg5+ 29. Rd2 Qf4 30. Qc7 Rxb6 31. Qxb6 Qxe4 32. Qxf6+ 1-0

[Event "Michigan Amateur"]
[Site "Kalamazoo, MI"]
[Date "2001.07.28"]
[Round "2.8"]
[White "Ryan, Mark"]
[Black "Smith, Les L"]
[Result "1-0"]
[WhiteElo "1473"]
[BlackElo "1803"]
[Annotator "Jeff Aldrich"]
[PlyCount "39"]
[EventDate "2001.07.28"]

{Irregular Indian} 1. d4 Nf6 2. Nf3 e6 3. c4 g6 $6 {A bit of mixing systems.
This set-up seems to weaken the king-side dark squares.} 4. Nc3 Bg7 5. g3 O-O
6. Bg2 c6 7. e4 d6 {White now has a solid development and space advantage.} 8.
O-O Na6 9. h3 Re8 10. e5 dxe5 11. dxe5 Nd7 12. Bf4 Qa5 13. Qe2 h6 14. Rfe1 Rb8
15. a3 g5 16. Bd2 Qc7 17. b4 Nf8 18. Ne4 {DIAGRAM, Did white hang his e-pawn?}
Bxe5 $4 {Even if white's threats were not so immediate, "winning" this pawn is
still wrong. It gives up the main defender of the dark squares.} 19. Nxe5 Qxe5
20. Bc3 {After the queen moves, there is no stopping Nf6+, wining the queen or
mate.} 1-0

[Event "Michigan Amateur"]
[Site "Kalamazoo, MI"]
[Date "2001.07.28"]
[Round "2.24"]
[White "Pascoe, Bramwell"]
[Black "Jeromin, Mark"]
[Result "0-1"]
[WhiteElo "1281"]
[BlackElo "1006"]
[PlyCount "58"]
[EventDate "2001.07.28"]

1. e4 e6 2. d4 d5 3. e5 c5 4. c3 Nc6 5. Nf3 Bd7 6. Be2 c4 7. Bg5 Nge7 8. O-O
Qc7 9. Qc2 Nf5 10. Na3 a6 11. Rfe1 b5 12. Nh4 Nxh4 13. Bxh4 Ne7 14. Bg4 Nf5 15.
Bxf5 exf5 16. f4 g6 17. Bf6 Rg8 18. g3 b4 19. Nb1 Qa5 20. Qg2 Be6 21. Qh3 h5
22. Rc1 Qb6 23. Nd2 bxc3 24. bxc3 Rc8 25. Nf3 Qa7 26. Ng5 Rb8 27. Rab1 Ba3 28.
Rxb8+ Qxb8 29. Rc2 Qb1+ 0-1